000 00455nam a2200181Ia 4500
001 19809
005 20260306172720.0
008 260306t2018||||xx |||||||||||||| ||spa||
041 _aESP
082 _a341.1
_bP72C
110 _aPoder Judicial del Perú
245 0 _aInterculturalidad y poder judicial :
_bcompendio jurídico
260 _c2018
300 _a758 páginas :
_c24 cm.
650 _aGEN
654 _aCDE
942 _cLIB
_dJUS
_fJUS
_2ddc
_n
999 _c19809
_d19809